Sports Quiz

Random Sports or MLB Quiz

MLB: Above-Average Losing Pitcher Seasons of the 2000s Quiz Stats

 Plays Quiz not verified by Sporcle

Challenge
Share
Tweet
Score 0/49 Timer 08:00
0 Plays Today
Year (Team) Pitcher % Correct
2004 (MIL)Ben Sheets
87.8%
2007 (SFG)Matt Cain
85.4%
2008 (SFG)Matt Cain
85.4%
2007 (CIN)Bronson Arroyo
85.4%
2000 (BAL)Mike Mussina
82.9%
2004 (MON)Livan Hernandez
82.9%
2008 (SEA)Felix Hernandez
82.9%
2000 (MIN)Brad Radke
80.5%
2009 (SFG)Barry Zito
75.6%
2005 (CIN)Aaron Harang
73.2%
2004 (ARI)Brandon Webb
73.2%
2000 (DET)Jeff Weaver
68.3%
2002 (MON)Javier Vazquez
68.3%
2008 (CHW)Javier Vazquez
68.3%
2001 (DET)Jeff Weaver
68.3%
2007 (CHW)Jon Garland
65.9%
2006 (COL)Aaron Cook
63.4%
2009 (TBR)Matt Garza
61%
2005 (LAD)Brad Penny
58.5%
2007 (KCR)Gil Meche
56.1%
2001 (BOS)Tim Wakefield
56.1%
2004 (NYM)Tom Glavine
51.2%
2006 (PIT)Zach Duke
48.8%
2007 (LAD)Derek Lowe
46.3%
2007 (PIT)Ian Snell
43.9%
Year (Team) Pitcher % Correct
2009 (WSN)John Lannan
43.9%
2008 (WSN)John Lannan
43.9%
2002 (PIT)Kip Wells
43.9%
2004 (DET)Mike Maroth
43.9%
2000 (PIT)Kris Benson
41.5%
2008 (BAL)Jeremy Guthrie
41.5%
2005 (CLE)Kevin Millwood
41.5%
2006 (COL)Jason Jennings
36.6%
2004 (CHC)Matt Clement
36.6%
2000 (TEX-TOR)Esteban Loaiza
36.6%
2001 (MON)Tony Armas
36.6%
2000 (TBD)Albie Lopez
36.6%
2006 (LAA)Kelvim Escobar
31.7%
2005 (CHC)Greg Maddux
29.3%
2002 (OAK)Cory Lidle
26.8%
2000 (MIL)Jamey Wright
22%
2003 (MON)Tomokazu Ohka
19.5%
2001 (CIN)Elmer Dessens
17.1%
2003 (SEA)Ryan Franklin
14.6%
2006 (TBD-LAD)Mark Hendrickson
14.6%
2002 (TEX-SEA)Ismael Valdez
12.2%
2003 (NYM)Jae Weong Seo
12.2%
2000 (TBD)Bryan Rekar
12.2%
2000 (KCR)Mac Suzuki
7.3%

You're not logged in!

Compare scores with friends on all Sporcle quizzes.
OR
Log In

You Might Also Like...

Show Comments

Extras

Top Quizzes Today


Score Distribution

Your Account Isn't Verified!

In order to create a playlist on Sporcle, you need to verify the email address you used during registration. Go to your Sporcle Settings to finish the process.

Report this User

Report this user for behavior that violates our Community Guidelines.

Details: